| 000 | 00473nam a22001691a 4500 | ||
|---|---|---|---|
| 001 | 7571 | ||
| 003 | OSt | ||
| 005 | 20260204212136.0 | ||
| 008 | 071219s1998||||dr ||||||b||||||||||spa|| | ||
| 050 | _aRD 348.7293 R299t | ||
| 110 | _aRepública Dominicana | ||
| 245 | _aLey general de telecomunicaciopnes, número 153-98 | ||
| 264 | _aSanto Domingo : Secretario Técnico de Presidencia | ||
| 300 | _a61 p | ||
| 650 | _aLey - Telecomunicación - Rep. Dom.Ì | ||
| 942 |
_2ddc _cBK |
||
| 999 |
_c7571 _d7571 |
||